Regions of Spain by Capital Quiz Stats

 Plays Quiz not verified by Sporcle

Challenge
Share
Tweet
Embed
Score 0/17 Timer 05:00
0 Plays Today
Capital Autonomous community/Comunidad autónoma % Correct
BarcelonaCataluña
92.9%
ValladolidCastilla y León
92.7%
MadridMadrid
92.1%
ValenciaComunidad Valenciana
91.9%
Sevilla (Seville in English)Andalucía
90.3%
MurciaMurcia
87%
Santiago de CompostelaGalicia
86.4%
Santa Cruz de Tenerife, Las PalmasIslas Canarias
82%
Vitoria (Gasteiz in Basque)País Vasco
79.8%
Capital Autonomous community/Comunidad autónoma % Correct
Palma de MallorcaIslas Baleares
79.6%
ZaragozaAragón
79.1%
ToledoCastilla-La Mancha
78.6%
OviedoAsturias
78.2%
MéridaExtremadura
77.4%
Pamplona (Iruña in Basque)Navarra
77.2%
SantanderCantabria
73.6%
LogroñoLa Rioja
71.3%

You're not logged in!

Compare scores with friends on all Sporcle quizzes.
OR
Log In

You Might Also Like...

Show Comments

Extras

Top Quizzes Today


Score Distribution

Your Account Isn't Verified!

In order to create a playlist on Sporcle, you need to verify the email address you used during registration. Go to your Sporcle Settings to finish the process.

Report this User

Report this user for behavior that violates our Community Guidelines.

Details: